书目信息 |
| 题名: |
爱情密码
|
|
| 作者: | 阿黛儿 著 | |
| 分册: | ||
| 出版信息: | 北京 作家出版社 2002.01 |
|
| 页数: | 329页 | |
| 开本: | 21cm | |
| 丛书名: | ||
| 单 册: | ||
| 中图分类: | I247.7 | |
| 科图分类: | ||
| 主题词: | 短篇小说--中国--现代--选集 | |
| 电子资源: | ||
| ISBN: | 7-5063-2265-X | |
| 000 | 00851nam0 2200241 45 | |
| 001 | 012002021251 | |
| 005 | 20050906153933.05 | |
| 010 | @a7-5063-2265-X@dCNY18.00 | |
| 100 | @a20020312d2002 em y0chiy0110 ea | |
| 101 | 0 | @achi |
| 102 | @aCN@b110000 | |
| 105 | @ay z 000ay | |
| 200 | 1 | @a爱情密码@Aai qing mi ma@e当代纯情女性对爱情的破译@f阿黛儿著@Fa dai er zhu |
| 210 | @a北京@c作家出版社@d2002.01 | |
| 215 | @a329页@d21cm | |
| 300 | @a爱情参考书。 | |
| 314 | @a阿黛儿(女),网易上海公司主编,著有《爱我的人和我爱的人》等。 | |
| 330 | @a本书通过一系列关于白领、网络和职场上爱情故事反映了当代人在面对种种压力的时候,不得不在爱情与面包,生存与自尊中苦苦挣扎并做出选择的爱情本色。 | |
| 606 | 0 | @a短篇小说@y中国@z现代@j选集 |
| 690 | @aI247.7@v4 | |
| 701 | 0 | @a阿黛儿@Aa dai er@4著 |
| 801 | 0 | @aCN@bQSSK@c20050906 |
| 905 | @a10447@dI247.7@eA040 | |
| 爱情密码:当代纯情女性对爱情的破译/阿黛儿著.-北京:作家出版社,2002.01 |
| 329页;21cm |
| 爱情参考书。 |
| ISBN 7-5063-2265-X:CNY18.00 |
| 本书通过一系列关于白领、网络和职场上爱情故事反映了当代人在面对种种压力的时候,不得不在爱情与面包,生存与自尊中苦苦挣扎并做出选择的爱情本色。 |
| ● |
| 相关链接 |
|
|
|
正题名:爱情密码
索取号:I247.7/A040
 
预约/预借
| 序号 | 登录号 | 条形码 | 馆藏地/架位号 | 状态 | 备注 |
| 1 | 560243 | 205602436 | 文学库108/108文学库 57排8列4层/ [索取号:I247.7/A040] | 在馆 | |
| 2 | 560244 | 205602445 | 文学库108/108文学库 57排8列4层/ [索取号:I247.7/A040] | 在馆 | |
| 3 | 560245 | 205602454 | 文学库108/108文学库 57排8列4层/ [索取号:I247.7/A040] | 在馆 |